00489nam a22001217a 4500008004100000020001800041050002000059100003100079245014600110260006200256300002900318521002000347170302b xxu||||| |||| 00| 0 eng d a9780883851555 aQA 13 .C66 1998 a Edited by Dossey, John A. aConfronting the Core Curriculum:bConsidering Change in the Undergraduate Mathematics Major Conference Proceedings/cEdited by John A. Dossey aU. S. A:bThe Mathematical Association of America,c1998. axii,136p.:bill.;c28cm. aIncludes index.